| 000 | 00875nas a2200289 4500 | ||
|---|---|---|---|
| 001 | BR0302380 | ||
| 003 | BR-BrBNA | ||
| 005 | 20231205103759.0 | ||
| 007 | ta | ||
| 008 | 230509b bl.|||p| |||| 00| 00por d | ||
| 040 |
_aBR-BrBNA _bpor _cBiblioteca Nacional de Agricultura |
||
| 041 | _a(Pt) | ||
| 072 | _aP36 | ||
| 100 | 1 | _aMartins Filho, M.C. | |
| 100 | 1 | _aAndrade, H. | |
| 100 | 1 | _aDias Júnior, M. de S. | |
| 100 | 1 | _aPereira, V. de P. | |
| 245 | 1 | _aModelagem do processo de erosão entressulcos para latossolos de Jaboticabal-SP | |
| 650 | _aEROSÃO HÍDRICA | ||
| 650 | _aSIMULADOR DE CHUVA | ||
| 650 | _aMÉTODO ESTATÍSTICO | ||
| 650 | _aENXURRADA | ||
| 650 | _aSÃO PAULO | ||
| 773 | 0 |
_tEngenharia Agrícola (Brazil) _xISSN 0100-6916 _g(Jan-Abr 2003), v. 23(1) p. 9-20 _wBR0302380 |
|
| 909 |
_a202311 _bLúcia _c55 _dLúcia Elande |
||
| 942 |
_2AGRIS _n0 _cANA |
||
| 999 |
_c174696 _d174696 |
||